The history of the present state of the Ottoman Empire : containing the maxims of the Turkish polity, the most material points of the Mahometan religion, their sects and heresies, their convents and religious votaries, their military discipline : with an exact computation of their forces both by sea and land : illustrated with divers pieces of sculpture representing the variety of habits amongst the Turks : in three books /

Bibliographic Details
Main Author: Rycaut, Paul, Sir, 1628-1700
Format: Microform Book
Language:English
Edition:The fifth edition /
Series:Early English books, 1641-1700 ; 1556:14.
Subjects:

MARC

Tag First Indicator Second Indicator Subfields
LEADER 00000cam a2200000 a 4500
001 in00000884792
005 20150923143928.0
007 hd afa013baca
007 hd bfa013baaa
008 860503s1682 miuaf 00010 eng d
035 |a (OCoLC)13523546 
035 |9 AEL6575AM 
037 |a CL0037000055  |b University Microfilms International 
037 |b University Microfilms International, 300 N. Zeeb Rd., Ann Arbor, MI 48106 
040 |a EAG  |c EAG  |d m/c  |d UtOrBLW 
043 |a a-tu--- 
045 2 |b d1648  |b d1689 
049 |a TXAI 
090 |a DR534  |b .R92 1682 
099 |a film   |a  B   |a  3609 
100 1 |a Rycaut, Paul,  |c Sir,  |d 1628-1700. 
245 1 4 |a The history of the present state of the Ottoman Empire :  |b containing the maxims of the Turkish polity, the most material points of the Mahometan religion, their sects and heresies, their convents and religious votaries, their military discipline : with an exact computation of their forces both by sea and land : illustrated with divers pieces of sculpture representing the variety of habits amongst the Turks : in three books /  |c by Paul Ricaut ... 
250 |a The fifth edition /  |b corrected and enlarged by the author. 
264 3 |a London :  |b Printed by T.N. for Joanna Brome ...,  |c 1682. 
300 |a 15 unnumbered pages, 406 pages, 7 unnumbered pages, 12 leaves of plates :  |b illustrations 
336 |a text  |b txt  |2 rdacontent 
337 |a microform  |b h  |2 rdamedia 
338 |a microfilm reel  |b hd  |2 rdacarrier 
500 |a Reproduction of original in the Cambridge University Library. 
510 4 |a Wing  |c R2403. 
533 |a Microfilm.  |b Ann Arbor, Mich. :  |c University Microfilms International,  |d 1984.  |e 1 microfilm reel ; 35 mm.  |f (Early English books, 1641-1700 : 1556:14) 
500 |a Microform. 
651 0 |a Turkey  |x History  |y Mehmed IV, 1648-1687. 
651 0 |a Turkey  |x Politics and government. 
651 0 |a Turkey  |x Social conditions  |x Early works to 1800. 
830 0 |a Early English books, 1641-1700 ;  |v 1556:14. 
999 |a MARS 
999 f f |s 48920da5-ffba-324b-b61f-e770d3b47690  |i 3b4d6bb0-0565-3b19-8e3c-83f28963d8eb  |t 0 
952 f f |p default  |a Texas A&M University  |b College Station  |c Sterling C. Evans Library  |d Evans: Microforms (3rd floor)  |t 0  |e film B 3609 1556:14  |h Other scheme  |i microform -- microfilm reel 
998 f f |a film B 3609 1556:14  |t 0  |l Evans: Microforms (3rd floor)